The end of office politics as usual : A complete strategy for creating a more productive and profitable organization

Bibliographic Details
Main Author: Serven, Lawrence B. MacGregor
Format: Book
Published: New york : Amacom , 2002
Subjects:

MARC

LEADER 00000cam a2200000 7i4500
001 0000012001
005 20220223.0
020 |a 0814406645 
040 |a INS 
090 0 0 |a HF5386.5   |b S48 2002 
100 1 |a Serven, Lawrence B. MacGregor 
245 1 4 |a The end of office politics as usual :   |b A complete strategy for creating a more productive and profitable organization   |c Lawrence B. MacGregor Serven 
260 |a New york :   |b Amacom ,   |c 2002 
300 |a xv :   |b 214p ;   |c 24cm. 
500 |a Includes bibliographical references (p.203-205) and index 
650 0 0 |a Office politics 
650 0 0 |a Organizational change 
999 |a 0000012815   |b BOOK   |c Open Shelf   |e Default branch